01760 a2200241 4500003000500000005001700005010001600022020001500038040000900053082001200062100002900074245006200103260004400165300003500209505101500244650002901259650001301288650002901301650002701330942002101357999001901378952012101397Nust20221128101207.0 a 75035591 a0716703572 cNust00a530,ROM1 aRomer, Robert H.910365910aEnergy :ban introduction to physics / cRobert H. Romer. aSan Francisco :bW. H. Freeman,cc1976. axvii, 628 p. :bill. ;c24 cm. aThe Concept of Energy and the Role of Energy in Society (Page-2), Conservation of Mechanical Energy and Gravitational Potential Energy (Page-48), Momentum Force and Work (Page-92), The Concept of Energy and Three Important Applications Hydroelectricity Transportation and Heating (Page-126), Newton’s Law of Universal Gravitation (Page-172), The First Law of Thermodynamics The Generalization of the Law of Conservation of Energy (Page-202), The Second Law of Thermodynamics (Page-240), Electrical Energy and its Uses (Page-272), Electromagnetism The Generation and Transmission of Electrical Energy (Page-318), The Energy Problem Past Present and Future Patterns of Energy Supply and Consumption (Page-346), The Nature of Light and Other Types of Radiation and the Earth Energy Balance (Page-366), Atoms Their Structure and Energy (Page-396), Radioactivity and Nuclear Physics (Page-414), Nuclear Fission and Nuclear Fission Power Plants (Page-458), Nuclear Fusion Power (Page-486) Solar Energy (Page-516). 0aForce and energy.944778 0aPhysics. 0aPower (Mechanics)982773 0aPower resources.93458 2ddccBKk530,ROM c183988d183988 00102ddc4070aMCSbMCScGENd2016-12-12o530,ROMpMCS6342r2016-12-08w2016-12-12yBKzAlmirah No. 15 Shelf No. 4